| 000 | 00434nam a22001337a 4500 | ||
|---|---|---|---|
| 082 | _aBEE-5 ZAI | ||
| 100 |
_aZain ul Abideen Shah _993258 |
||
| 245 | _aDouble input buck boost converter | ||
| 260 |
_aIslamabad _bNUST school of electrical engineering and computer sciences _c2013 |
||
| 300 | _a40.p.: | ||
| 500 | _aSupervisor: Engr. Sikanday Hayat | ||
| 856 | _uhttp://10.250.8.41:8080/xmlui/handle/123456789/10549 | ||
| 942 |
_cPR _2ddc |
||
| 999 |
_c12751 _d12751 |
||